[Event "14. Deizisauer Herbstopen 2019"]
[Site "Deizisau"]
[Date "2019.10.28"]
[Round "7.6"]
[White "Marquardt, Alexander"]
[Black "Sommer, Konstantin"]
[Result "1-0"]
[WhiteElo "2125"]
[BlackElo "1821"]
[Annotator "TA"]
[PlyCount "125"]
[EventDate "2019.10.25"]
[EventType "swiss"]
[EventCountry "GER"]
[SourceTitle "playchess.com"]
[Source "ChessBase"]
[SourceQuality "1"]

{[%evp 9,125,0,337,323,330,319,310,315,317,310,292,138,141,122,130,124,129,119,147,163,156,152,184,182,203,212,247,170,183,191,331,336,289,289,287,192,188,-121,0,-50,-41,-41,-34,-35,93,-33,0,0,0,-1,73,30,70,0,0,0,0,0,0,0,0,0,0,0,0,0,174,170,171,171,266,250,395,373,764,579,551,417,639,400,565,539,584,577,593,584,602,597,829,828,810,802,674,522,495,483,636,637,794,745,1071,1061,1595,1455,1574,1585,1624,1565,5189,5043,29982,29983,29986,29987,29987,29988,29988,29989]} 1. c4 Nf6 2. Nc3 e6 3. e3 d5 4. Nf3 b6 5. d4 Bb4 $2 {[%mdl 8192]} (5... Bb7 $11) (5... Bb7 6. Bd3 Bd6 7. O-O dxc4 8. Bxc4 O-O 9. Nb5 Be7 10. b3 Nbd7 11. Bb2 a6 12. Nc3 b5 13. Be2 c5 14. Rc1 Qb6 15. dxc5 Nxc5 {0-1 (35) Cori,J (2686)-Vidit,S (2703) Biel 2019}) 6. Qa4+ $18 {[%mdl 64] Double Attack. D35: Queen's Gambit Declined: Exchange Variation} Nc6 7. Ne5 Bxc3+ 8. bxc3 {White has a decisive advantage.} Bd7 {White must now prevent ...Nxe5.} 9. Nxc6 O-O $146 {Now ...Qe8 and Black clings on.} ({Predecessor:} 9... Qc8 10. Ba3 Qb7 11. Qb4 {1-0 (11) Popovicz,S (1948)-Salvadego,M (1537) Caioba 2017}) 10. Nxd8 (10. cxd5 $18 {has better winning chances.} Qe8 11. Qa6) 10... Bxa4 $16 11. cxd5 {Hoping for Nc6.} (11. Nb7 $6 Rfb8 $14) 11... Raxd8 12. dxe6 fxe6 13. Bc4 Ne4 14. Bxe6+ Kh8 15. O-O Nxc3 16. Ba3 c5 17. dxc5 Nb5 18. Bb3 Nxa3 19. Bxa4 {c6 is the strong threat.} b5 (19... bxc5 {keeps fighting.} 20. Rac1 c4) 20. Bb3 $18 b4 21. Rac1 Nb5 {Black hopes to continue with ...Nc3.} 22. Be6 Nc3 {With the idea ...Ne2+.} 23. c6 $2 {[#]} ({Better is} 23. f4 $1 $18) 23... Rd6 ({Black should try} 23... Ne2+ $1 $17 24. Kh1 Nxc1 25. Rxc1 Rd3) 24. Bd7 {Strongly threatening Rc2.} Ne2+ 25. Kh1 Nxc1 26. Rxc1 $15 {[%mdl 4096] Endgame KRR-KRB} Kg8 (26... Rd3 $1 $15 {stays ahead.} 27. Rb1 Rc3) 27. Bg4 (27. Kg1 $16) 27... h5 28. Bxh5 Rc8 $1 {[%cal Rc8c6]} 29. Bf3 Rc7 (29... Rd2 $11) 30. h3 Kf8 31. Rc4 (31. Rc2 $1 $14) 31... Rd2 $11 32. Rxb4 {Threatens to win with Rb7.} Rxa2 33. Rf4+ Ke7 34. Bd5 Ra1+ 35. Kh2 a5 36. e4 Kd6 37. Rf8 a4 $2 {[#]} (37... Ra7 $11) 38. Ra8 $1 $18 a3 39. f4 Ke7 (39... Kc5 $142 40. Kg3 Kb4) 40. Kg3 Kf6 (40... Kd6 $142 41. Ra5 Re7) 41. Kg4 Kg6 $2 (41... a2 42. e5+ (42. Bxa2 Ke7 $18) (42. Rxa2 Rxa2 43. e5+ Ke7 $16) 42... Ke7) 42. h4 {And now h5+ would win.} Kf6 43. g3 g6 (43... Ke7 $142 44. Kf5 Kd6) 44. Kf3 a2 (44... Kg7 $142 45. e5 a2) 45. Kg4 Kg7 46. Ra6 Kh6 47. Bxa2 Re7 48. e5 Rc1 49. Bd5 Rc5 50. Be4 Rc4 51. Kf3 Rc3+ 52. Kf2 Rc4 53. Ke3 Rc3+ 54. Kd4 Rxg3 55. Kd5 Rc3 56. Kd6 Rf7 {[#]} 57. f5 $1 gxf5 58. Bd5 Rd3 59. c7 Rxc7 60. Kxc7+ {White mates.} Kg7 61. Kd6 f4 62. Ra4 f3 63. Rf4 {Accuracy: White = 53%, Black = 35%.} 1-0

[Event "14. Deizisauer Herbstopen 2019"]
[Site "Deizisau"]
[Date "2019.10.28"]
[Round "7.7"]
[White "Weissenberger, Mario"]
[Black "Neiwert, Nick"]
[Result "1-0"]
[WhiteElo "2026"]
[BlackElo "1914"]
[Annotator "NA"]
[PlyCount "33"]
[EventDate "2019.10.25"]
[EventType "swiss"]
[EventCountry "GER"]
[SourceTitle "playchess.com"]
[Source "ChessBase"]
[SourceQuality "1"]
[TimeControl "5400+30"]

1. e4 {[%emt 0:00:00]} c5 {[%emt 0:00:00]} 2. Nf3 {[%emt 0:00:00]} d6 {[%emt 0:00:00]} 3. d4 {[%emt 0:00:00]} cxd4 {[%emt 0:00:00]} 4. Nxd4 {[%emt 0:00:00]} Nf6 {[%emt 0:00:05]} 5. Nc3 {[%emt 0:00:00]} a6 {[%emt 0:00:08]} 6. Bg5 {[%emt 0:00:00]} Nbd7 {[%emt 0:00:06]} 7. Bc4 {[%emt 0:00:00]} e6 {[%emt 0:03:40]} 8. Qe2 {[%emt 0:00:23]} Nc5 {[%emt 0:04:02]} 9. O-O-O {[%emt 0:07:47]} b5 {[%emt 0:22:00]} 10. Bd5 {[%emt 0:23:57]} Bb7 {[%emt 0:10:30]} 11. Bxb7 {[%emt 0:02:59]} Nxb7 {[%emt 0:00:10]} 12. e5 {[%emt 0:01:32]} h6 {[%emt 0:01:42]} 13. Bh4 {[%emt 0:01:08]} g5 {[%emt 0:00:27]} 14. exf6 {[%emt 0:00:09]} Qxf6 {[%emt 0:06:04]} 15. Bg3 {[%emt 0:00:31]} O-O-O {[%emt 0:01:48]} 16. h4 {[%emt 0:03:49]} Bg7 {[%emt 0:02:14]} 17. Ne4 1-0

[Event "14. Deizisauer Herbstopen 2019"]
[Site "Deizisau"]
[Date "2019.10.28"]
[Round "7.8"]
[White "Bueble, Joschua"]
[Black "Kraft, Julian"]
[Result "1/2-1/2"]
[WhiteElo "1720"]
[BlackElo "2062"]
[Annotator "NA"]
[PlyCount "29"]
[EventDate "2019.10.25"]
[EventType "swiss"]
[EventCountry "GER"]
[SourceTitle "playchess.com"]
[Source "ChessBase"]
[SourceQuality "1"]
[TimeControl "5400+30"]

1. d4 {[%emt 0:00:00]} e6 {[%emt 0:00:00]} 2. e4 {[%emt 0:00:00]} b6 {[%emt 0:00:00]} 3. c4 {[%emt 0:00:00]} Bb7 {[%emt 0:00:00]} 4. Bd3 {[%emt 0:00:00]} f5 {[%emt 0:00:00]} 5. exf5 {[%emt 0:00:00]} Bb4+ {[%emt 0:00:00]} 6. Kf1 {[%emt 0:02:12]} Nf6 {[%emt 0:00:00]} 7. Nf3 {[%emt 0:05:48]} O-O {[%emt 0:00:42]} 8. a3 {[%emt 0:11:38]} Be7 {[%emt 0:00:06]} 9. Nbd2 {[%emt 0:00:50]} a5 {[%emt 0:13:04]} 10. Qc2 {[%emt 0:14:49]} exf5 11. Bxf5 d5 12. Be6+ Kh8 13. Ne5 Nbd7 14. Nf7+ Rxf7 15. Bxf7 1/2-1/2

[Event "14. Deizisauer Herbstopen 2019"]
[Site "Deizisau"]
[Date "2019.10.28"]
[Round "7.9"]
[White "Gabriel, Josef"]
[Black "Valkova, Anzhelika"]
[Result "0-1"]
[WhiteElo "2089"]
[BlackElo "1947"]
[Annotator "NA RC"]
[PlyCount "86"]
[EventDate "2019.10.25"]
[EventType "swiss"]
[EventCountry "GER"]
[SourceTitle "playchess.com"]
[Source "ChessBase"]
[SourceQuality "1"]
[TimeControl "5400+30"]

1. e4 {[%emt 0:01:16]} e6 {[%emt 0:00:00]} 2. d3 {[%emt 0:00:40]} d5 {[%emt 0:00:00]} 3. Nd2 {[%emt 0:00:09]} c5 {[%emt 0:00:00]} 4. Ngf3 {[%emt 0:00:50]} Nc6 {[%emt 0:00:00]} 5. g3 {[%emt 0:01:00]} g6 {[%emt 0:00:26]} 6. Bg2 {[%emt 0:00:11]} Bg7 {[%emt 0:00:04]} 7. O-O {[%emt 0:00:10]} Nge7 {[%emt 0:01:23]} 8. h4 {[%emt 0:00:11]} O-O {[%emt 0:00:43]} 9. Re1 {[%emt 0:00:36]} Qc7 {[%emt 0:03:07]} 10. h5 {[%emt 0:02:40]} b5 {[%emt 0:05:15]} 11. hxg6 {[%emt 0:00:48]} fxg6 {[%emt 0:00:59]} 12. Ng5 {[%emt 0:01:33]} Bd4 {[%emt 0:01:40]} 13. Ngf3 {[%emt 0:12:10]} Qxg3 {[%emt 0:01:10]} 14. Qe2 {[%emt 0:01:16]} Qc7 {[%emt 0:01:17]} 15. e5 {[%emt 0:05:44]} c4 {[%emt 0:06:43]} 16. dxc4 {[%emt 0:04:49]} bxc4 {[%emt 0:00:06]} 17. Nxd4 {[%emt 0:12:34]} Nxd4 {[%emt 0:00:07]} 18. Qd1 {[%emt 0:00:08]} Nec6 {[%emt 0:09:05]} 19. c3 {[%emt 0:01:07]} Nf5 {[%emt 0:00:33]} 20. Nf3 {[%emt 0:00:22]} Rb8 {[%emt 0:02:43]} 21. Rb1 {[%emt 0:06:56]} Qa5 {[%emt 0:01:08]} 22. a3 {[%emt 0:01:17]} Rb3 {[%emt 0:03:49]} 23. Bg5 {[%emt 0:04:57]} Qb6 {[%emt 0:00:56]} 24. Qd2 {[%emt 0:04:49]} Na5 {[%emt 0:04:28]} 25. Bf6 {[%emt 0:01:06]} Nb7 {[%emt 0:05:29]} 26. Bh3 {[%emt 0:00:19]} Nbd6 {[%emt 0:06:04]} 27. Bxf5 {[%emt 0:04:10]} Nxf5 {[%emt 0:00:09]} 28. Kg2 {[%emt 0:01:22]} Bb7 {[%emt 0:02:56]} 29. Nd4 {[%emt 0:02:25]} Nxd4 {[%emt 0:00:07]} 30. cxd4 {[%emt 0:00:02]} Rf7 {[%emt 0:00:46]} 31. Re3 {[%emt 0:00:38]} Rd7 {[%emt 0:05:01]} 32. Rxb3 {[%emt 0:01:33]} Qxb3 {[%emt 0:00:05]} 33. Rc1 {[%emt 0:00:22]} Qd3 {[%emt 0:09:42]} 34. Qc3 {[%emt 0:11:10]} Qe4+ {[%emt 0:05:12]} 35. f3 {[%emt 0:00:19]} Qf4 {[%emt 0:01:20]} 36. Rh1 {[%emt 0:00:44]} h5 {[%emt 0:02:18]} 37. Rh4 {[%emt 0:00:45]} Qf5 {[%emt 0:00:05]} 38. Qb4 {[%emt 0:01:31]} Qc2+ {[%emt 0:03:21]} 39. Kh3 {[%emt 0:00:01]} Qb3 {[%emt 0:01:57]} 40. Qxb3 {[%emt 0:04:01]} cxb3 {[%emt 0:00:04]} 41. Bg5 {[%emt 0:00:06]} Rc7 {[%emt 0:01:32]} 42. Bd2 {[%emt 0:00:01]} Rc2 {[%emt 0:00:08]} 43. Bc3 {[%emt 0:00:01]} Rxc3 {[%emt 0:00:13]} 0-1